000 00347nam a2200133Ia 4500
008 240624s9999 xx 000 0 und d
041 _aeng
082 _a650.14 BOL
100 _aBOLDT ARNOLD G
245 _aNO NONSENSE JOB INTERVIEWS HOW TO IMPRES
260 _c2008
_aNew Jersey
_bCareer Press
300 _a192 : p. : cm. ; 22
365 _c
_b30
999 _c11166
_d11166